书目信息 |
| 题名: |
牡丹全书
|
|
| 作者: | 伊斯特 著 ;莱恩 , 刘笑 摄影 | |
| 分册: | ||
| 出版信息: | 天津 天津人民出版社 2021.3 |
|
| 页数: | 211页 | |
| 开本: | 28cm | |
| 丛书名: | ||
| 单 册: | ||
| 中图分类: | S685.11 | |
| 科图分类: | ||
| 主题词: | 牡丹--观赏园艺 | |
| 电子资源: | ||
| ISBN: | 978-7-201-17156-2 | |
| 000 | 01474nam0 2200289 45 | |
| 001 | 012001001648 | |
| 005 | 20140914145055.0 | |
| 010 | @a978-7-201-17156-2@b精装@dCNY299.00 | |
| 100 | @a20210603d2021 em y0chiy50 ea | |
| 101 | 1 | @achi@ceng |
| 102 | @aCN@b120000 | |
| 105 | @aa z 001yy | |
| 106 | @ar | |
| 200 | 1 | @a牡丹全书@Amu dan quan shu@b专著@e全球53种名品牡丹图鉴大全@dPeonies@ebeautiful varieties for home and garden@f(英)简·伊斯特(Jane Eastoe)著@g(美)乔治亚娜莱恩(Georgianna Lane)摄影@g刘笑译@zeng |
| 210 | @a天津@c天津人民出版社@d2021.3 | |
| 215 | @a211页@d28cm | |
| 300 | @a紫图书库 4209 生活美学 009 | |
| 300 | @a并列题名:Peonies | |
| 330 | @a牡丹源于中国,有1500多年的人工栽培历史,在中国栽培甚广,后被引种到世界各地,如今被广泛应用于庭园栽植,培育出许多园艺品种。从品相优越、香气浓郁的牡丹品种,到容易种植和制作切花的牡丹品种,作者精心挑选50余种牡丹,成就这本兼具艺术性与专业性的牡丹花卉园艺指南。如何种植雍容华贵的牡丹花,怎样挽留住牡丹最美的一刻、制作切花,这本牡丹图鉴带你发现各种经典牡丹品种和优秀的现代牡丹品种。作者还针对每个品种的牡丹给出了鉴赏、养护建议,从气候土壤条件到栽种和病虫防治。 | |
| 510 | 1 | @aPeonies@ebeautiful varieties for home and garden@zeng |
| 606 | 0 | @a牡丹@x观赏园艺 |
| 690 | @aS685.11@v5 | |
| 701 | 0 | @c(英)@a伊斯特@Ayi si te@c(Eastoe, Jane)@4著 |
| 702 | 0 | @c(美)@a莱恩@Alai en@c(Lane, Georgianna)@4摄影 |
| 702 | 0 | @a刘笑@Aliu xiao@4译 |
| 801 | 0 | @aCN@bBJSDL@c20211011 |
| 905 | @b1336673-5@dS685.11@e671@f3 | |
| 牡丹全书:全球53种名品牡丹图鉴大全=Peonies:beautiful varieties for home and garden/(英)简·伊斯特(Jane Eastoe)著/(美)乔治亚娜莱恩(Georgianna Lane)摄影/刘笑译.-天津:天津人民出版社,2021.3 |
| 211页;28cm |
| 紫图书库 4209 生活美学 009.-并列题名:Peonies |
| ISBN 978-7-201-17156-2(精装):CNY299.00 |
| 牡丹源于中国,有1500多年的人工栽培历史,在中国栽培甚广,后被引种到世界各地,如今被广泛应用于庭园栽植,培育出许多园艺品种。从品相优越、香气浓郁的牡丹品种,到容易种植和制作切花的牡丹品种,作者精心挑选50余种牡丹,成就这本兼具艺术性与专业性的牡丹花卉园艺指南。如何种植雍容华贵的牡丹花,怎样挽留住牡丹最美的一刻、制作切花,这本牡丹图鉴带你发现各种经典牡丹品种和优秀的现代牡丹品种。作者还针对每个品种的牡丹给出了鉴赏、养护建议,从气候土壤条件到栽种和病虫防治。 |
| ● |
| 相关链接 |
|
|
|
|
正题名:牡丹全书
索取号:S685.11/671
 
预约/预借
| 序号 | 登录号 | 条形码 | 馆藏地/架位号 | 状态 | 备注 |
| 1 | 1336673 | 213366739 | 第二样本阅览室/ [索取号:S685.11/671] | 在馆 | |
| 2 | 1336674 | 213366748 | 第三借阅区/ [索取号:S685.11/671] | 在馆 | |
| 3 | 1336675 | 213366757 | 第三借阅区/ [索取号:S685.11/671] | 在馆 |